000 00320nam a22001337a 4500
008 181015b xxu||||| |||| 00| 0 eng d
020 _a9780446676687
041 _aeng
080 _a070
100 _a40
101 _aMED
245 _a10 Days More Confident Public Speaking
_cLaskovski.L
942 _2udc
_cBK
999 _c49623
_d49623